Planificación estratégica de ciudades : (Registro nro. 5007)
[ vista simple ]
| 000 -LEADER | |
|---|---|
| fixed length control field | 01451nam a22002897a 4500 |
| 003 - CONTROL NUMBER IDENTIFIER | |
| control field | PE SENCICO BE |
| 005 - DATE AND TIME OF LATEST TRANSACTION | |
| control field | 20251020182708.0 |
| 008 - FIXED-LENGTH DATA ELEMENTS--GENERAL INFORMATION | |
| fixed length control field | 241202b |||||||| |||| 00| 0 eng d |
| 020 ## - INTERNATIONAL STANDARD BOOK NUMBER | |
| International Standard Book Number | 9787-84-291-2110-0 |
| 040 ## - CATALOGING SOURCE | |
| Original cataloging agency | PE SENCICO BE |
| Transcribing agency | PE SENCICO BE |
| 041 ## - LANGUAGE CODE | |
| Language code of text/sound track or separate title | spa |
| 082 ## - DEWEY DECIMAL CLASSIFICATION NUMBER | |
| Classification number | 711.45 |
| Item number | F38 |
| 100 1# - MAIN ENTRY--PERSONAL NAME | |
| 9 (RLIN) | 2722 |
| Personal name | Fernández Güell, José Miguel |
| Relator term | autor |
| 245 1# - TITLE STATEMENT | |
| Title | Planificación estratégica de ciudades : |
| Remainder of title | nuevos instrumentos y procesos / |
| Statement of responsibility, etc. | José Miguel Fernández Güel |
| 250 ## - EDITION STATEMENT | |
| Edition statement | [1a ed.] |
| 260 ## - PUBLICATION, DISTRIBUTION, ETC. | |
| Place of publication, distribution, etc. | Barcelona : |
| Name of publisher, distributor, etc. | Reverté ; |
| Date of publication, distribution, etc. | 1997 |
| 300 ## - PHYSICAL DESCRIPTION | |
| Extent | 299, [12] p. ; |
| Other physical details | diagrs. ; |
| Dimensions | 24 cm. |
| 440 ## - SERIES STATEMENT/ADDED ENTRY--TITLE | |
| 9 (RLIN) | 1343 |
| Title | Estudios universitarios de arquitectura |
| Volume/sequential designation | 10 |
| 505 0# - FORMATTED CONTENTS NOTE | |
| Formatted contents note | El contexto de la planificación urbana contemporánea -- Origen y fundamentos de la planificación estratégica -- Traslación de la planificación estratégica a las ciudades -- Arranque del plan estratégico -- Caracterización de los modelos de desarrollo -- Análisis del entorno -- Análisis de la demanda -- Análisis de los sistemas urbanos -- Análisis de la oferta -- Síntesis del análisis -- Formulación de la visión estratégica -- Desarrollo de estrategias -- Implantación del plan estratégico. |
| 650 10 - SUBJECT ADDED ENTRY--TOPICAL TERM | |
| 9 (RLIN) | 528 |
| Topical term or geographic name entry element | Planificación urbana |
| 650 20 - SUBJECT ADDED ENTRY--TOPICAL TERM | |
| 9 (RLIN) | 2399 |
| Topical term or geographic name entry element | Política urbana |
| 650 20 - SUBJECT ADDED ENTRY--TOPICAL TERM | |
| 9 (RLIN) | 522 |
| Topical term or geographic name entry element | Ciudades |
| 650 20 - SUBJECT ADDED ENTRY--TOPICAL TERM | |
| 9 (RLIN) | 2424 |
| Topical term or geographic name entry element | Oferta y demanda |
| 650 20 - SUBJECT ADDED ENTRY--TOPICAL TERM | |
| 9 (RLIN) | 731 |
| Topical term or geographic name entry element | Planificación estratégica |
| 910 ## - USER-OPTION DATA (OCLC) | |
| User-option data | hfp |
| -- | hfp |
| -- | hfp |
| 942 ## - ADDED ENTRY ELEMENTS (KOHA) | |
| Source of classification or shelving scheme | Dewey Decimal Classification |
| Koha item type | Libros |
| Fecha de la última vez que lo usaron | Pago total | Signatura topográfica completa | Código de barras | Precio efectivo desde | Tipo de documento | Estado perdido | Sistema de clasificación | Estado dañado | No es para préstamo | Retirado | Ubicación permanente | Ubicación actual | Fecha de adquisición |
|---|---|---|---|---|---|---|---|---|---|---|---|---|---|
| 02/12/2024 | 711.45/F38 | BibLima24120001 | 02/12/2024 | Libros | Dewey Decimal Classification | Biblioteca Central Lima | Biblioteca Central Lima | 02/12/2024 |